000 00757nam a2200241 i 4500
001 bgj
100 1 _aSZYMANSKI, Robert A.
245 1 0 _aIntroduction to computers and information systems /
_cRobert A. Szymanski [et al.].
260 _aColumbus [etc.] :
_bMerril Publishing Company,
_cc. 1988.
300 _aXXXI, 577 pp :
_bphotos, graphs, tables ;
_c26 cm.
505 _aIncludes index.
650 9 _aComputers
650 9 _aElectronics data processing
700 1 _aSZYMANSKI, Donald P.
_eco-author
700 1 _aMORRIS, Norma A.
_eco-author
700 1 _aPULSCHEN, Donna M.
_eco-author
020 _a067520768104
040 _cBPK
041 0 _aeng
920 _a0-675-207681-04
942 _cKS
008 s uk f |000 0 eng
999 _c47614
_d47614
856 _uhttp://koha.tu.koszalin.pl/cgi-bin/koha/opac-detail.pl?biblionumber=47614
_yKatalog online BPK